[Event "EU-ch rapid"]
[Site "Warsaw"]
[Date "2013.12.14"]
[Round "2"]
[White "Halych, Heorhiy"]
[Black "Neiksans, Arturs"]
[Result "0-1"]
[WhiteElo "2022"]
[BlackElo "2560"]
[PlyCount "98"]
[EventDate "2013.12.14"]
[EventType "swiss (rapid)"]
[EventRounds "11"]
[EventCountry "POL"]
[SourceTitle "CBM 157 Extra"]
[Source "ChessBase"]
[SourceDate "2013.12.19"]
[SourceVersion "1"]
[SourceVersionDate "2013.12.19"]
[SourceQuality "1"]

1. e4 c5 2. Nf3 e6 3. d4 cxd4 4. Nxd4 a6 5. Nc3 Qc7 6. Be2 Nf6 7. 0-0 Be7 8. Kh1 d6 9. a4 0-0 10. a5 Nc6 11. Nb3 d5 12. Bd3 d4 13. Ne2 e5 14. Bd2 Be6 15. f4 Ng4 16. Rf3 Ne3 17. Bxe3 dxe3 18. Qc1 Bg4 19. Qxe3 Bxf3 20. Qxf3 exf4 21. Qxf4 Bd6 22. Qh4 Be5 23. c3 Rad8 24. Qh3 g6 25. Qe3 Rd7 26. Rf1 Nxa5 27. Nc5 Re7 28. b4 Nc6 29. h4 Bg7 30. Bc4 a5 31. Bb3 axb4 32. cxb4 Nxb4 33. Rc1 Nc6 34. Qd3 Ne5 35. Qe3 Ng4 36. Qf4 Qxf4 37. Nxf4 Bh6 38. Nd5 Rxe4 39. Rb1 Re2 40. Nd7 Rd8 41. Ba4 Kg7 42. Nc3 Re3 43. Nd5 Re4 44. Bb5 Rde8 45. Rf1 Re1 46. Kg1 Be3+ 47. Nxe3 R8xe3 48. Bc4 Rxf1+ 49. Kxf1 Re7 0-1